000 00456nam a2200181Ia 4500
001 20608
005 20260306172818.0
008 260306t2023||||xx |||||||||||||| ||spa||
041 _aESP
082 _a343.42
_bP91
100 _aPuente Brunke, Juan Pablo de la,
_eAUT
245 0 _aDerecho del patrimonio cultural de la nación
260 _c2023
300 _a196 páginas :
_c20 cm.
650 _aGEN
654 _aCDE
942 _cLIB
_dJUS
_fJUS
_2ddc
_n
999 _c20608
_d20608